Word Ladder: Nation Creation Quiz Stats

 Plays Quiz Updated Aug 23, 2015

Challenge
Share
Tweet
Embed
Score 0/32 Timer 04:00
1 Play Today
Clue 4-Letter Word % Correct
Adjust a pianoTUNE
95.6%
Dorothy's dogTOTO
93.7%
Color or muscle qualityTONE
92.6%
Sushi stapleTUNA
90.8%
CarryTOTE
90.7%
Marching band stapleTUBA
90.1%
Simpsons: Kwik-E-____MART
89.9%
Sugar unitCUBE
89%
○ May 20, 1902 ○○ CUBA ○
88.1%
ComponentPART
88%
Common metalIRON
87.1%
Falls behindLAGS
85.8%
FirewoodLOGS
83.9%
Brewer's grainMALT
83.8%
Sci-fi film set inside a computerTRON
83.4%
Roger Rabbit, for oneTOON
83%
Clue 4-Letter Word % Correct
○ April 27, 1960 ○○ TOGO ○
82.6%
Place on a Monopoly board?PARK
82%
Bird on a Canadian dollarLOON
81.6%
○ April 1, 1979 ○○ IRAN ○
79.9%
○ July 14, 1958 ○○ IRAQ ○
79.1%
Fringe benefitPERK
78.7%
Apple, for AppleLOGO
78.2%
○ September 22, 1960 ○○ MALI ○
76.1%
○ October 22, 1953 ○○ LAOS ○
75.5%
Like a button?CUTE
72.7%
○ July 28, 1821 ○○ PERU ○
71.2%
PalMATE
70.3%
Remote-control buttonMUTE
70%
Heads of England?LOOS
68.1%
Wise guys?MAGI
52.4%
WizardMAGE
52%

Today's Daily Dose

You're not logged in!

Compare scores with friends on all Sporcle quizzes.
Join for Free
OR
Log In

You Might Also Like...

Show Comments

Extras

Top Quizzes Today


Score Distribution

Your Account Isn't Verified!

In order to create a playlist on Sporcle, you need to verify the email address you used during registration. Go to your Sporcle Settings to finish the process.

Report this User

Report this user for behavior that violates our Community Guidelines.

Details: